000 00284nam a22001337a 4500
003 SGT
082 _a340,RAM
100 _a RAMAMURTI , M
245 _a LAW OF ADVERSE POSSESSION
260 _aNEW DELHI
_bLAW HOUSE
_c2014
300 _a870
650 _aLAW BOOKS
942 _2ddc
_cBK
999 _c10136
_d10136